| 000 | 02058nam a2200397 a 4500 | ||
|---|---|---|---|
| 001 | ebr10588454 | ||
| 003 | CaPaEBR | ||
| 006 | m u | ||
| 007 | cr cn||||||||| | ||
| 008 | 790813s1979 ne sb 101 0 eng d | ||
| 020 | _z0202900711 (AVC) | ||
| 020 | _z902797750X (Mouton) | ||
| 020 | _z9789027977502 | ||
| 020 | _z9783110806458 (e-book) | ||
| 040 |
_aCaPaEBR _cCaPaEBR |
||
| 035 | _a(OCoLC)760070913 | ||
| 050 | 1 | 4 |
_aGN345 _b.P63 1979eb |
| 082 | 0 | 4 | _a301.2 |
| 245 | 0 | 4 |
_aThe Politics of anthropology _h[electronic resource] : _bfrom colonialism and sexism toward a view from below / _ceditors, Gerrit Huizer, Bruce Mannheim. |
| 260 |
_aThe Hague : _bMouton, _cc1979. |
||
| 300 | _axii, 520 p. | ||
| 440 | 0 | _aWorld anthropology | |
| 500 | _aPapers prepared for the 9th. International Congress of Anthropological and Ethnological Sciences, Chicago, 1973. | ||
| 504 | _aIncludes bibliographical references and indexes. | ||
| 505 | 0 | _asection 1. Introduction -- section 2. Colonialism in anthropology -- section 3. Sexism in anthropology -- section 4. "Ethical question" on "political chicle"? -- section 5. From "academic colonialism" to "committed anthropology" -- section 6. Dilemmas of action research and commitment -- section 7. Toward a view from below and from within -- section 8. Attempts at liberation anthropology. | |
| 533 |
_aElectronic reproduction. _bPalo Alto, Calif. : _cebrary, _d2011. _nAvailable via World Wide Web. _nAccess may be limited to ebrary affiliated libraries. |
||
| 650 | 0 |
_aAnthropology _xPhilosophy _vCongresses. |
|
| 650 | 0 |
_aAnthropology _xHistory _vCongresses. |
|
| 650 | 0 |
_aApplied anthropology _vCongresses. |
|
| 655 | 7 |
_aElectronic books. _2local |
|
| 700 | 1 | _aHuizer, Gerrit. | |
| 700 | 1 | _aMannheim, Bruce. | |
| 710 | 2 | _aebrary, Inc. | |
| 711 | 2 |
_aInternational Congress of Anthropological and Ethnological Sciences _n(9th : _d1973 : _cChicago, Ill.) |
|
| 856 | 4 | 0 |
_uhttp://site.ebrary.com/lib/rucke/Doc?id=10588454 _zAn electronic book accessible through the World Wide Web; click to view |
| 999 |
_c104071 _d104071 |
||